1027 1370 1392 1631 1725 1989 1560 1027 1878 1921 1590 1491 1301 1532 1849 1351 1958 1639 1523 1284 1804 1896 1906 1436 1810 1479 1899 1308 1237 1484 1370 1963 1557 1677 1872 1327 1234 1038 1147 1923 1831 1357 1372 1929 1505 1696 1248 1201 1260 1886 1840 1808 1436 1214 1321 1540 1539 1881 1562 1520 1222 1942 1875 1276 1021 1267 1374 1937 1921 1393 1288 1393 1830 1738 1083 1459 1473 1777 1544 1482 1215 1427 1823 1400 1514 1985 1726 1628 1651 1949 1623 1039 1809 1443 1870 1918 1674 1675 1708 BCNSPRNW ULIB Ver.6.0+V

เปลี่ยนเป็นภาษาไทย

Change to English
 แสดงรายละเอียดบรรณานุกรม
  กลับหน้าหลัก

Brief Record : Get Marc (ISO 2709) : E-mail record : QR code < ปิดหน้าต่าง
LEADER : 00000nam 2200000uu 4500
001    13399128941
003     ULIB
008    020711s2023 th a 000 0 eng d
020    ^a9780323872300
060    ^aWQ160^bS243T
100    ^aSarah Esegbona-Adeigbe
245    ^aTranscultural Midwifery Practice: Concepts, Care and Challenges/^cSarah Esegbona-Adeigbe
250    ^a1st ed
260    ^aphiladelphia :^bElsevier,^c2023
300    ^a189 pages;^c21 cm
650    ^aMidwifery Practice
945    ^p1037^l0^i011195
999    ^aประนอม เกษจรัล
รายการนี้ยังไม่มีแท็ก
คุณยังไม่ได้ล็อกอิน คุณสามารถมีกิจกรรมร่วมกับเว็บไซต์ได้ แต่ต้องล็อกอินก่อน ::
  ล็อกอิน

รายการสื่อสารสนเทศ

ลำดับที่ ประเภท เลขเรียก/บาร์โค้ด สถานที่ สถานะ
1. วิทยาศาสตร์การแพทย์ และสุขภาพ
หนังสือสำรอง
สถานะ=หนังสือสำรอง
WQ160 S243T ฉ.1 
  Barcode: 011195
ห้องสมุดวิทยาเขตสวรรค์ประชารักษ์
►หนังสือทั่วไป
บนชั้น

BibComment


ยังไม่เคยถูกคอมเมนท์

คอมเมนท์ทรัพยากรรายการนี้
  คอมเมนท์: Transcultural Mi..


 Copyright 2026. Bcnsprnw @Library